| 000 | 00764nam a2200229 a 4500 | ||
|---|---|---|---|
| 005 | 20260320064149.0 | ||
| 008 | 070607s2006 mx r 000 0 spa d | ||
| 020 | _a9688536555 | ||
| 035 | _aUPN01000150424 | ||
| 049 | _aCG | ||
| 050 | 4 |
_aBF575 A6 _bB8.2 |
|
| 100 | 1 | _aBurns, David D. | |
| 245 | 1 | 0 |
_aAdiós, ansiedad : _bcómo superar la timidez, los miedos, las fobias y las situaciones de pánico / _cDavid D. Burns ; tr. Alejandro Pareja Rodríguez. |
| 260 |
_aMéxico : _bPaidós, _c2006. |
||
| 300 |
_a375 p. : _bcuadros |
||
| 440 | 0 |
_aDivulgación/Autoayuda ; _v236 |
|
| 534 |
_pTítulo original: _tWhen panic attacks |
||
| 650 | 7 |
_aAnsiedad _2 _94750 |
|
| 650 | 4 |
_aATAQUES DE PANICO - _xTRATAMIENTO _910080 |
|
| 650 | 2 |
_aFobias _910077 |
|
| 905 | _aLibro | ||
| 999 |
_c122565 _d122565 |
||